Fungal community: Its organisation and role in the ecosystem. (Record no. 36418)

MARC details
000 -LEADER
fixed length control field 00418nam a2200145Ia 4500
082 ## - DEWEY DECIMAL CLASSIFICATION NUMBER
Classification number 582.28
Item number WIC
100 ## - MAIN ENTRY--AUTHOR NAME
Personal name CARROLL, George C
245 #0 - TITLE STATEMENT
Title Fungal community: Its organisation and role in the ecosystem.
260 ## - PUBLICATION, DISTRIBUTION, ETC. (IMPRINT)
Place of publication New York
Name of publisher Marcel Dekker
Year of publication 1981
490 ## - SERIES STATEMENT
Series statement Mycology series; v 2
650 ## - SUBJECT ADDED ENTRY--TOPICAL TERM
Topical Term Fungal community
700 ## - ADDED ENTRY--PERSONAL NAME
Personal name WICKLOW, Donald T
942 ## - ADDED ENTRY ELEMENTS (KOHA)
Koha item type Books
Holdings
Withdrawn status Lost status Damaged status Not for loan Home library Current library Date acquired Full call number Accession Number Koha item type
        RRII Library RRII Library 16/12/2021 582.28 WIC 16824 Books